Investičné stratégie penzijných fondov

Prezentácia základných poznatkov z analýzy rizika a výnosov cenných papierov, metód optimálneho výberu portfólia rizikových aktív a modelov rovnováhy na kapitálovom trhu aktív. Aplikácia týchto teoretických poznatkov na podmienky slovenského kapitálového trhu.

Enregistré dans:
Détails bibliographiques
Auteur principal: Škrovánková, Lea, 1954-
Autres auteurs: Peller, František
Format: Chapitre de livre
Langue:slovaque
Sujets:
Tags: Ajouter un tag
Pas de tags, Soyez le premier à ajouter un tag!

MARC

LEADER 00000naa$a2200000$$$4500
001 0075533
005 20240502071903.0
041 0 |a slo 
044 |a SK 
245 1 0 |a Investičné stratégie penzijných fondov  |c Lea Škrovánková, František Peller 
520 |a Prezentácia základných poznatkov z analýzy rizika a výnosov cenných papierov, metód optimálneho výberu portfólia rizikových aktív a modelov rovnováhy na kapitálovom trhu aktív. Aplikácia týchto teoretických poznatkov na podmienky slovenského kapitálového trhu. 
610 2 0 |a papiere cenné 
610 2 0 |a trh kapitálový 
610 2 0 |a fondy penzijné 
610 2 0 |a stratégia investičná 
610 2 0 |a deriváty 
610 2 0 |a portfólio 
610 2 0 |a oceňovanie 
100 1 |a Škrovánková, Lea, 1954- 
700 1 |a Peller, František